Brain-Compatible Science (Record no. 25625)

MARC details
000 -LEADER
fixed length control field 00621nam a22002057a 4500
003 - CONTROL NUMBER IDENTIFIER
control field OSt
005 - DATE AND TIME OF LATEST TRANSACTION
control field 20260630120712.0
008 - FIXED-LENGTH DATA ELEMENTS--GENERAL INFORMATION
fixed length control field 260630b |||||||| |||| 00| 0 eng d
020 ## - INTERNATIONAL STANDARD BOOK NUMBER
International Standard Book Number 1575170817
040 ## - CATALOGING SOURCE
Transcribing agency Chuka university Library
050 ## - LIBRARY OF CONGRESS CALL NUMBER
Classification number LB .M36 1998
100 ## - MAIN ENTRY--PERSONAL NAME
Personal name Angermeyer Margaret Mangan
9 (RLIN) 32059
245 ## - TITLE STATEMENT
Title Brain-Compatible Science
260 ## - PUBLICATION, DISTRIBUTION, ETC.
Place of publication, distribution, etc. USA
Name of publisher, distributor, etc. Skylight
Date of publication, distribution, etc. 1998
300 ## - PHYSICAL DESCRIPTION
Extent Various Pagings
Other physical details Illustrated
650 ## - SUBJECT ADDED ENTRY--TOPICAL TERM
Topical term or geographic name entry element Science---Study and Teaching (Elementary)
9 (RLIN) 29157
650 ## - SUBJECT ADDED ENTRY--TOPICAL TERM
Topical term or geographic name entry element Science--Study and Teaching (Secondary)
9 (RLIN) 32060
650 ## - SUBJECT ADDED ENTRY--TOPICAL TERM
Topical term or geographic name entry element Learning, Psychology
9 (RLIN) 11394
942 ## - ADDED ENTRY ELEMENTS (KOHA)
Source of classification or shelving scheme Library of Congress Classification
Koha item type Long Loan Books
Suppress in OPAC No
Holdings
Withdrawn status Lost status Source of classification or shelving scheme Damaged status Not for loan Collection Home library Current library Shelving location Date acquired Source of acquisition Total Checkouts Full call number Barcode Date last seen Price effective from Koha item type
    Library of Congress Classification     General Collection Books Main Campus Library Main Campus Library General Stacks 30/06/2026 Donations From Books For Africa   LB 1585 .M36 1998 36407/22026 30/06/2026 30/06/2026 Long Loan Books

Powered by Koha